[Event "Championnat de France 2006 - Accession"]
[Site "BESANCON"]
[Date "2006.08.17"]
[Round "3.3"]
[White "Naudier, Serge"]
[Black "Olivier, Jean-Christophe"]
[Result "1-0"]
[WhiteElo "2277"]
[BlackElo "2392"]
[PlyCount "111"]
[EventDate "2006.??.??"]

1. e4 e5 2. d4 exd4 3. Qxd4 Nc6 4. Qe3 Nf6 5. Nc3 Bb4 6. Bd2 O-O 7. O-O-O d6 8.
Qg3 Kh8 9. Nge2 Ne8 10. Nf4 Ne7 11. a3 Ba5 12. Bc4 c6 13. h4 b5 14. Bb3 b4 15.
axb4 Bxb4 16. f3 a5 17. Qf2 a4 18. Nxa4 Bxd2+ 19. Qxd2 Ba6 20. Qe3 Bb5 21. Nc3
Qa5 22. Kd2 Nc7 23. Ke1 d5 24. Kf2 dxe4 25. Qxe4 Ng6 26. Nxg6+ fxg6 27. h5 g5
28. h6 Qa7+ 29. Kg3 Nd5 30. Nxd5 cxd5 31. hxg7+ Qxg7 32. Qd4 Bc4 33. Qxg7+ Kxg7
34. Bxc4 dxc4 35. Rd7+ Rf7 36. Rxh7+ Kxh7 37. Rxf7+ Kg6 38. Rc7 Rb8 39. Rxc4
Rxb2 40. Kg4 Rb5 41. Rc6+ Kf7 42. c4 Re5 43. Rd6 Rc5 44. Rd5 Rxc4+ 45. Kxg5 Rc3
46. g4 Rc7 47. Re5 Rc6 48. f4 Rg6+ 49. Kh5 Rg8 50. Ra5 Rb8 51. Ra7+ Kf6 52. g5+
Ke6 53. Ra6+ Kf7 54. g6+ Kg8 55. Kh6 Rf8 56. f5 1-0

[Event "Championnat de France 2006 - Accession"]
[Site "BESANCON"]
[Date "2006.08.17"]
[Round "3.4"]
[White "Bleunven, Andre"]
[Black "Shoker, Samy"]
[Result "0-1"]
[WhiteElo "2276"]
[BlackElo "2355"]
[PlyCount "84"]
[EventDate "2006.??.??"]

1. d4 g6 2. e4 Bg7 3. c4 d6 4. Nc3 Nd7 5. Nf3 e5 6. Be2 Ngf6 7. O-O O-O 8. Qc2
c6 9. Rd1 Qc7 10. h3 Re8 11. Be3 exd4 12. Bxd4 Bh6 13. Nh2 Ne5 14. Nf1 Be6 15.
Be3 Bg7 16. b3 d5 17. f4 Ned7 18. f5 Nxe4 19. fxe6 Nxc3 20. exd7 Rxe3 21. Nxe3
Qe5 22. Re1 Qxe3+ 23. Kh1 Be5 24. Bf3 Qf4 25. Rxe5 Qxe5 26. cxd5 cxd5 27. Rc1
d4 28. Bxb7 Rd8 29. Bc8 Qe3 30. Ra1 h5 31. b4 h4 32. a4 Qe5 33. Qb3 Ne4 34. Kg1
d3 35. Rf1 Qd4+ 36. Kh2 Nf2 37. b5 d2 38. a5 d1=Q 39. Rxd1 Nxd1 40. b6 Qf4+ 41.
Kg1 Qf2+ 42. Kh2 Ne3 0-1

[Event "Championnat de France 2006 - Accession"]
[Site "BESANCON"]
[Date "2006.08.17"]
[Round "3.5"]
[White "Letreguilly, Olivier"]
[Black "Van Elst, Andreas"]
[Result "1/2-1/2"]
[WhiteElo "2313"]
[BlackElo "2258"]
[PlyCount "33"]
[EventDate "2006.??.??"]

1. d4 Nf6 2. Nf3 g6 3. Bf4 c5 4. d5 Qb6 5. Bc1 e6 6. Nc3 Nxd5 7. Nxd5 exd5 8.
Qxd5 Bg7 9. c3 O-O 10. e4 d6 11. Bc4 Be6 12. Qd3 Nd7 13. Bxe6 fxe6 14. O-O Rad8
15. Ng5 Rfe8 16. Qh3 Nf8 17. Nf3 1/2-1/2

[Event "Championnat de France 2006 - Accession"]
[Site "BESANCON"]
[Date "2006.08.17"]
[Round "3.6"]
[White "Chernuschevich, Alexei"]
[Black "Fargere, Francois"]
[Result "1/2-1/2"]
[WhiteElo "2524"]
[BlackElo "2311"]
[PlyCount "35"]
[EventDate "2006.??.??"]

1. d4 d5 2. Nf3 Nf6 3. c4 c6 4. Nc3 e6 5. e3 Nbd7 6. Be2 Bd6 7. O-O O-O 8. Qc2
Qe7 9. b3 b6 10. e4 Nxe4 11. Nxe4 dxe4 12. Qxe4 Bb7 13. Bb2 f5 14. Qc2 c5 15.
Rad1 Rad8 16. d5 e5 17. Ne1 Rde8 18. f3 1/2-1/2

[Event "Championnat de France 2006 - Accession"]
[Site "BESANCON"]
[Date "2006.08.17"]
[Round "3.7"]
[White "Bijaoui, Manuel"]
[Black "Vitoux, Colomban"]
[Result "1-0"]
[WhiteElo "2363"]
[BlackElo "2300"]
[PlyCount "105"]
[EventDate "2006.??.??"]

1. e4 c5 2. Nf3 d6 3. d4 Nf6 4. Nc3 cxd4 5. Nxd4 a6 6. Bg5 e6 7. f4 Qb6 8. Nb3
Nbd7 9. Qf3 Qc7 10. O-O-O b5 11. Bd3 h6 12. Bxf6 Nxf6 13. e5 Bb7 14. Qg3 dxe5
15. fxe5 Nd7 16. Rhe1 O-O-O 17. Be4 Bxe4 18. Rxe4 Be7 19. a4 Nc5 20. Nxc5 Qxc5
21. axb5 axb5 22. Ree1 Bg5+ 23. Kb1 Bd2 24. Ne4 Bxe1 25. Rxe1 Qd4 26. Nd6+ Rxd6
27. exd6 Rd8 28. Qf3 Qxd6 29. Qxf7 Rd7 30. Qxe6 Qxe6 31. Rxe6 Rd1+ 32. Ka2 g5
33. Rxh6 Rd2 34. Kb3 Rxg2 35. Rb6 Rxh2 36. Rxb5 g4 37. Rg5 Rg2 38. Rg7 g3 39.
c4 Rg1 40. Kb4 Rb1 41. b3 Rg1 42. Kc5 g2 43. b4 Kd8 44. b5 Kc8 45. b6 Kd8 46.
b7 Rb1 47. Rxg2 Kc7 48. Rg7+ Kb8 49. Kc6 Rb4 50. Kd5 Rb1 51. c5 Rb5 52. Ke6 Rb1
53. c6 1-0

[Event "Championnat de France 2006 - Accession"]
[Site "BESANCON"]
[Date "2006.08.17"]
[Round "3.8"]
[White "Chomet, Pascal"]
[Black "Jolly, Jean-Francois"]
[Result "1-0"]
[WhiteElo "2350"]
[BlackElo "2266"]
[PlyCount "69"]
[EventDate "2006.??.??"]

1. e4 c5 2. Nf3 Nc6 3. Nc3 e6 4. d4 cxd4 5. Nxd4 Qc7 6. g3 a6 7. Bg2 Bc5 8. Nb3
Be7 9. O-O Nf6 10. a4 O-O 11. h3 d5 12. exd5 exd5 13. Bf4 Qd8 14. g4 Be6 15.
Nd4 Nxd4 16. Qxd4 Rc8 17. Rad1 Qa5 18. Be5 Rfd8 19. Qe3 Bxg4 20. hxg4 Nxg4 21.
Qg3 Nxe5 22. Qxe5 Bf6 23. Qf5 Bxc3 24. Rxd5 Qxa4 25. bxc3 g6 26. Rxd8+ Rxd8 27.
Qf6 Rb8 28. Re1 b5 29. Kh2 Qc4 30. Re4 Qc7+ 31. Kg1 a5 32. Bf1 Qd7 33. Rd4 Qe8
34. c4 b4 35. c5 1-0

[Event "Championnat de France 2006 - Accession"]
[Site "BESANCON"]
[Date "2006.08.17"]
[Round "3.10"]
[White "Pucher, Olivier"]
[Black "Saucey, Michel"]
[Result "1/2-1/2"]
[WhiteElo "2257"]
[BlackElo "2342"]
[PlyCount "53"]
[EventDate "2006.??.??"]

1. d4 g6 2. c4 Bg7 3. Nf3 d6 4. Nc3 e5 5. g3 Nd7 6. Bg2 Ngf6 7. O-O O-O 8. Qc2
c6 9. Rd1 Qe7 10. e4 Nb6 11. b3 Bg4 12. Be3 Nfd7 13. d5 c5 14. Re1 Bxf3 15.
Bxf3 f5 16. exf5 gxf5 17. Bg2 e4 18. Rad1 Ne5 19. Ne2 Nd3 20. Rxd3 exd3 21.
Qxd3 Be5 22. Bh3 Qf6 23. Nf4 Rf7 24. Nh5 Qg6 25. Nf4 Qf6 26. Nh5 Qg6 27. Nf4
1/2-1/2

[Event "Championnat de France 2006 - Accession"]
[Site "BESANCON"]
[Date "2006.08.17"]
[Round "3.12"]
[White "Fougerit, Valentin"]
[Black "Riff, Vincent"]
[Result "1/2-1/2"]
[WhiteElo "2188"]
[BlackElo "2328"]
[PlyCount "101"]
[EventDate "2006.??.??"]

1. e4 e5 2. Nf3 Nc6 3. Bb5 Nge7 4. O-O g6 5. c3 Bg7 6. d4 a6 7. Be2 d6 8. Na3
O-O 9. dxe5 dxe5 10. Qxd8 Nxd8 11. Nc4 f6 12. b3 Ne6 13. Ne3 b5 14. Nd5 Re8 15.
g3 Bb7 16. Rd1 Rad8 17. c4 c6 18. Nxe7+ Rxe7 19. Rxd8+ Nxd8 20. Bd2 Rd7 21. a4
bxa4 22. Rxa4 c5 23. Be3 Ne6 24. Nd2 Nd4 25. Bd1 Bf8 26. Kf1 f5 27. f3 Nc6 28.
Ke2 Nb4 29. Ra5 h5 30. Bg5 Nc6 31. Ra1 Nd4+ 32. Ke1 Ne6 33. Be3 h4 34. g4 Nf4
35. Bxf4 exf4 36. gxf5 gxf5 37. exf5 Bg7 38. Ra2 Bc3 39. Rc2 Bb4 40. Ke2 Bxd2
41. Rxd2 Bxf3+ 42. Ke1 Rxd2 43. Kxd2 Bxd1 44. Kxd1 Kf7 45. b4 cxb4 46. c5 b3
47. c6 b2 48. Kc2 f3 49. c7 f2 50. c8=Q b1=Q+ 51. Kxb1 1/2-1/2

[Event "Championnat de France 2006 - Accession"]
[Site "BESANCON"]
[Date "2006.08.17"]
[Round "3.14"]
[White "Alanic, Mickael"]
[Black "Philippe, Christophe"]
[Result "1-0"]
[WhiteElo "2246"]
[BlackElo "2411"]
[PlyCount "57"]
[EventDate "2006.??.??"]

1. e4 d5 2. exd5 Nf6 3. Nf3 Nxd5 4. Bc4 Bg4 5. Nc3 e6 6. Qe2 Nb4 7. d3 N8c6 8.
Be3 Bxf3 9. gxf3 Nd4 10. Bxd4 Qxd4 11. O-O-O O-O-O 12. Rhg1 g6 13. Ne4 Qe5 14.
Kb1 Bg7 15. d4 Qf4 16. Rg4 Qxh2 17. Ng5 f5 18. Rgg1 Rxd4 19. Nxe6 Rxd1+ 20.
Rxd1 Bf6 21. Nc5 Rd8 22. Qe6+ Kb8 23. Nd7+ Ka8 24. Qxf6 Nc6 25. Bb5 Rxd7 26.
Qh8+ Nb8 27. Bxd7 Qxf2 28. Bxf5 a6 29. Be4 1-0

[Event "Championnat de France 2006 - Accession"]
[Site "BESANCON"]
[Date "2006.08.17"]
[Round "3.16"]
[White "Touboulic, Julien"]
[Black "Seret, Jean-Luc"]
[Result "0-1"]
[WhiteElo "2244"]
[BlackElo "2378"]
[PlyCount "56"]
[EventDate "2006.??.??"]

1. e4 d6 2. d4 Nf6 3. Nc3 Nbd7 4. g4 h6 5. h3 e5 6. Nge2 c6 7. a4 Be7 8. Bg2
Nf8 9. O-O h5 10. g5 N6h7 11. f4 Ng6 12. Qe1 exf4 13. h4 f6 14. Nxf4 Nxf4 15.
Bxf4 fxg5 16. hxg5 Nxg5 17. Qe3 Bg4 18. a5 O-O 19. a6 b5 20. d5 b4 21. Ne2 cxd5
22. exd5 Re8 23. Nd4 Bf6 24. Ne6 Nxe6 25. dxe6 d5 26. Qc5 Bxe6 27. Qxb4 Rc8 28.
c3 Be7 0-1

[Event "Championnat de France 2006 - Accession"]
[Site "BESANCON"]
[Date "2006.08.17"]
[Round "3.17"]
[White "Crut, Aurelien"]
[Black "Cappon, John"]
[Result "1/2-1/2"]
[WhiteElo "2342"]
[BlackElo "2231"]
[PlyCount "66"]
[EventDate "2006.??.??"]

1. d4 d5 2. Nf3 Nf6 3. c4 c6 4. e3 a6 5. Bd2 g6 6. Be2 Bg7 7. O-O O-O 8. Nc3
Ne4 9. Be1 Nxc3 10. Bxc3 Nd7 11. cxd5 cxd5 12. Qb3 Nb8 13. Rac1 Nc6 14. Ne5
Nxe5 15. dxe5 b5 16. Rfd1 Be6 17. Qa3 Qd7 18. Bf3 a5 19. Bd4 b4 20. Qd3 Rfc8
21. b3 Rxc1 22. Rxc1 Rc8 23. Qd2 Rc6 24. Be2 Qc7 25. Rxc6 Qxc6 26. f4 Bf5 27.
Kf2 h5 28. Ke1 h4 29. Bf3 Bf8 30. Kd1 a4 31. Qxb4 Qc2+ 32. Ke1 e6 33. Qd2 axb3
1/2-1/2

[Event "Championnat de France 2006 - Accession"]
[Site "BESANCON"]
[Date "2006.08.17"]
[Round "3.19"]
[White "David, Vincent"]
[Black "Le Goff, Damien"]
[Result "1-0"]
[WhiteElo "2327"]
[BlackElo "2215"]
[PlyCount "65"]
[EventDate "2006.??.??"]

1. d4 Nf6 2. c4 e6 3. Nf3 b6 4. g3 Ba6 5. Nbd2 d5 6. Bg2 c6 7. O-O Be7 8. b3
Nbd7 9. Qc2 O-O 10. e4 dxe4 11. Nxe4 Rc8 12. Bf4 Nxe4 13. Qxe4 b5 14. c5 b4 15.
Rfd1 Nf6 16. Qe1 Nd5 17. Bd2 Qc7 18. Bxb4 Nxb4 19. Qxb4 Be2 20. Ne5 Bxd1 21.
Rxd1 Bf6 22. Nxc6 Qd7 23. Qa4 Rc7 24. b4 h5 25. h4 g5 26. hxg5 Bxg5 27. b5 f5
28. Qb3 Kh8 29. Ne5 Qg7 30. Qxe6 Bf6 31. Qxf5 Bxe5 32. Qxh5+ Kg8 33. Bd5+ 1-0

[Event "Championnat de France 2006 - Accession"]
[Site "BESANCON"]
[Date "2006.08.17"]
[Round "3.21"]
[White "Boukobza, Adrien"]
[Black "Robin, Samy"]
[Result "0-1"]
[WhiteElo "2192"]
[BlackElo "2289"]
[PlyCount "58"]
[EventDate "2006.??.??"]

1. d4 Nf6 2. c4 g6 3. Nc3 Bg7 4. e4 d6 5. f3 O-O 6. Be3 e5 7. d5 Nh5 8. Nge2 f5
9. Qd2 a6 10. Bg5 Qe8 11. exf5 gxf5 12. O-O-O b5 13. Ng3 b4 14. Nce2 Nd7 15.
Bh6 f4 16. Bxg7 Nxg7 17. Ne4 Nf5 18. Qxb4 Ne3 19. Re1 Nb6 20. N2c3 a5 21. Qb3
Ba6 22. Nxd6 Qg6 23. Nce4 Rab8 24. Nb5 a4 25. Qc3 c6 26. Nbd6 cxd5 27. cxd5
Bxf1 28. Qxe5 Rfc8+ 29. Nxc8 Rxc8+ 0-1

[Event "Championnat de France 2006 - Accession"]
[Site "BESANCON"]
[Date "2006.08.17"]
[Round "3.25"]
[White "Mancini, Mario"]
[Black "Remille, Tristan"]
[Result "0-1"]
[WhiteElo "2258"]
[BlackElo "2172"]
[PlyCount "78"]
[EventDate "2006.??.??"]

1. e4 e5 2. Nf3 Nc6 3. Bb5 a6 4. Ba4 Nf6 5. d3 d6 6. c3 g6 7. Bg5 h6 8. Bh4 Bg7
9. Nbd2 O-O 10. Bb3 Qe8 11. Nf1 Nh5 12. Ne3 Be6 13. Nd2 Na5 14. Bd5 Nf4 15. Qc2
Qb5 16. Bc4 Bxc4 17. Ndxc4 Nxc4 18. dxc4 Qc6 19. f3 b5 20. cxb5 Qxb5 21. Rd1
Rfb8 22. b3 a5 23. Bf2 h5 24. g3 Nh3 25. Rd5 Qa6 26. Qe2 Qc6 27. Qc4 Qd7 28.
Qe2 Qe6 29. Kf1 h4 30. Be1 a4 31. b4 f5 32. Kg2 fxe4 33. fxe4 Ng5 34. gxh4 Qh3+
35. Kg1 Nf3+ 36. Kf2 Rf8 37. Nf5 Nxh4 38. Rd3 Qg2+ 39. Ke3 Nxf5+ 0-1

[Event "Championnat de France 2006 - Accession"]
[Site "BESANCON"]
[Date "2006.08.17"]
[Round "3.29"]
[White "Terrieux, Kevin"]
[Black "Kirszenberg, Marc"]
[Result "1-0"]
[WhiteElo "2343"]
[BlackElo "2204"]
[PlyCount "65"]
[EventDate "2006.??.??"]

1. d4 d5 2. c4 c6 3. Nf3 Nf6 4. Nc3 g6 5. cxd5 cxd5 6. Bf4 Nc6 7. e3 Bg7 8. Bd3
O-O 9. h3 b6 10. O-O Bb7 11. Rc1 Rc8 12. Qa4 a6 13. b4 b5 14. Qb3 Qb6 15. Rb1
Rfd8 16. a4 h6 17. Rfc1 bxa4 18. Nxa4 Qa7 19. Nc5 Ne4 20. b5 Na5 21. Qa3 Nxc5
22. dxc5 Nc4 23. Bxc4 dxc4 24. c6 Bxc6 25. bxc6 Rxc6 26. Ne5 Bxe5 27. Bxe5 f6
28. Bd4 Qc7 29. Qa2 e5 30. Ba1 Kg7 31. Rb4 c3 32. Bxc3 Rxc3 33. Rxc3 1-0

[Event "Championnat de France 2006 - Accession"]
[Site "BESANCON"]
[Date "2006.08.17"]
[Round "3.35"]
[White "Blanc, Sebastien"]
[Black "Delorme, Alban"]
[Result "0-1"]
[WhiteElo "2167"]
[BlackElo "2314"]
[PlyCount "50"]
[EventDate "2006.??.??"]

1. d4 d5 2. c4 e6 3. Nf3 Nf6 4. Nc3 Be7 5. e3 O-O 6. Qc2 b6 7. cxd5 exd5 8. Ne5
Bb7 9. Bd3 c5 10. O-O Nc6 11. a3 Bd6 12. Nxc6 Bxc6 13. Bf5 g6 14. Bh3 Bd7 15.
Bxd7 Qxd7 16. Rd1 Rac8 17. dxc5 bxc5 18. Qd3 Rfd8 19. h3 Qe6 20. Bd2 Qe5 21. g3
d4 22. exd4 cxd4 23. Bf4 Qe6 24. Ne2 Qxh3 25. Qxd4 Ng4 0-1

[Event "Championnat de France 2006 - Open A"]
[Site "BESANCON"]
[Date "2006.08.17"]
[Round "3.1"]
[White "Gaubil, Olivier"]
[Black "Bodenez, Vincent"]
[Result "1-0"]
[WhiteElo "2103"]
[BlackElo "2194"]
[PlyCount "45"]
[EventDate "2006.??.??"]

1. Nf3 Nf6 2. c4 e6 3. d4 d5 4. g3 Be7 5. Bg2 O-O 6. O-O c6 7. Qc2 Nbd7 8. Rd1
b6 9. b3 Ba6 10. Nbd2 Rc8 11. e4 c5 12. exd5 exd5 13. dxc5 Bxc5 14. Bb2 b5 15.
Qf5 bxc4 16. bxc4 dxc4 17. Ng5 g6 18. Qf3 Rb8 19. Rab1 Bb7 20. Nde4 Nxe4 21.
Nxe4 f5 22. Qc3 Qe7 23. Rxd7 1-0

[Event "Championnat de France 2006 - Open A"]
[Site "BESANCON"]
[Date "2006.08.17"]
[Round "3.2"]
[White "Marie, Maxime"]
[Black "Bauer, Frederic"]
[Result "1-0"]
[WhiteElo "2165"]
[BlackElo "2094"]
[PlyCount "47"]
[EventDate "2006.??.??"]

1. e4 c6 2. d4 d5 3. exd5 cxd5 4. c4 Nf6 5. Nc3 e6 6. Nf3 Bb4 7. Bd3 Nc6 8. O-O
dxc4 9. Bxc4 O-O 10. Bg5 Be7 11. a3 b6 12. Re1 Bb7 13. Qd3 Na5 14. Ba2 Re8 15.
Rad1 Nd5 16. Bxe7 Rxe7 17. Ng5 g6 18. Qh3 h5 19. Nxe6 fxe6 20. Rxe6 Kf8 21.
Rxg6 Qe8 22. Qf5+ Qf7 {#} 23. Bxd5 Bxd5 24. Rf6 1-0

[Event "Championnat de France 2006 - Open A"]
[Site "BESANCON"]
[Date "2006.08.17"]
[Round "3.3"]
[White "Girard, Eric"]
[Black "Debeaune, Robin"]
[Result "0-1"]
[WhiteElo "2090"]
[BlackElo "2150"]
[PlyCount "62"]
[EventDate "2006.??.??"]

1. c4 Nf6 2. Nc3 g6 3. e4 d6 4. d4 Bg7 5. Be2 O-O 6. Bg5 Nbd7 7. Qd2 a6 8. Nf3
e5 9. O-O Qe8 10. d5 Kh8 11. Ne1 Ng8 12. f3 f5 13. b4 f4 14. Bh4 g5 15. Bf2 h5
16. c5 Qg6 17. cxd6 cxd6 18. Rc1 g4 19. Kh1 g3 20. hxg3 fxg3 21. Be3 Rf4 22.
Nd3 Qg5 23. Rfd1 Qh4+ 24. Kg1 Bh6 25. Nxf4 Bxf4 26. Qd3 Nf8 27. Kf1 Qh1+ 28.
Bg1 Ng6 29. Rd2 h4 30. Ke1 Qxg1+ 31. Bf1 h3 0-1

[Event "Championnat de France 2006 - Open A"]
[Site "BESANCON"]
[Date "2006.08.17"]
[Round "3.4"]
[White "Fischer, Marc"]
[Black "Prouteau, Thomas"]
[Result "1-0"]
[WhiteElo "2146"]
[BlackElo "2080"]
[PlyCount "65"]
[EventDate "2006.??.??"]

1. Nf3 d5 2. c4 c6 3. g3 Nf6 4. Qc2 e6 5. Bg2 Be7 6. b3 O-O 7. Bb2 Nbd7 8. O-O
a6 9. d4 Ne4 10. Ne5 f5 11. f3 Nxe5 12. fxe4 Ng4 13. exd5 Ne3 14. Qd3 Nxf1 15.
dxc6 bxc6 16. Bxc6 Ra7 17. Kxf1 f4 18. Kg2 fxg3 19. hxg3 Qa5 20. Nd2 Bg5 21.
Nf3 Raf7 22. Be4 g6 23. Bc3 Qd8 24. Rd1 Bf6 25. d5 e5 26. d6 Qd7 27. Rh1 Bb7
28. c5 Bc6 29. b4 Bg7 30. Rf1 Qb7 31. Bxc6 Qxc6 32. e4 Re8 33. Qc4 1-0

[Event "Championnat de France 2006 - Open A"]
[Site "BESANCON"]
[Date "2006.08.17"]
[Round "3.5"]
[White "Faure, Stephane"]
[Black "Lacroix, Romain"]
[Result "0-1"]
[WhiteElo "2143"]
[BlackElo "2075"]
[PlyCount "76"]
[EventDate "2006.??.??"]

1. d4 d5 2. Nf3 Nf6 3. g3 c6 4. Bg2 Bf5 5. O-O h6 6. Re1 e6 7. c4 Nbd7 8. b3
Be7 9. Nc3 O-O 10. Bb2 Ne4 11. Nd2 Ndf6 12. Ncxe4 Nxe4 13. Nxe4 Bxe4 14. Bxe4
dxe4 15. Qc2 f5 16. f3 Bb4 17. Red1 exf3 18. exf3 Qg5 19. f4 Qg4 20. Qg2 Rad8
21. a3 Be7 22. Rd2 Bf6 23. b4 Rd7 24. Re1 Rfd8 25. Qf2 Kf7 26. d5 exd5 27. Bxf6
Kxf6 28. Qe3 Kg6 29. h3 Qh5 30. g4 Qh4 31. g5 hxg5 32. Rg2 Kh7 33. Rxg5 dxc4
34. Rxf5 Rd3 35. Qe4 Rg3+ 36. Kf2 Rd2+ 37. Re2 Rxh3+ 38. Kf1 Rh1+ 0-1

[Event "Championnat de France 2006 - Open A"]
[Site "BESANCON"]
[Date "2006.08.17"]
[Round "3.6"]
[White "Nguyen-Huu, Hoang"]
[Black "Adda, Olivier"]
[Result "0-1"]
[WhiteElo "2063"]
[BlackElo "2142"]
[PlyCount "88"]
[EventDate "2006.??.??"]

1. c3 Nf6 2. Qc2 e6 3. d3 d5 4. e4 Be7 5. Nf3 c5 6. Be2 Nc6 7. O-O O-O 8. h3 b6
9. Bf4 d4 10. Nbd2 Bb7 11. a3 Rc8 12. Ne5 Nxe5 13. Bxe5 Nd7 14. Bh2 Kh8 15. Bf3
e5 16. Bg4 dxc3 17. bxc3 f6 18. f4 Rc7 19. Nf3 exf4 20. Bxf4 Rc6 21. Rae1 Bd6
22. Bxd7 Qxd7 23. e5 Bb8 24. Qd1 Re8 25. Bh2 fxe5 26. Nxe5 Bxe5 27. Rxe5 Rg6
28. Rf2 h6 29. Rxe8+ Qxe8 30. d4 Qe3 31. g4 Qe4 32. Kf1 Qh1+ 33. Ke2 Qe4+ 34.
Kf1 Ba6+ 35. Kg1 Qe3 36. Qf3 Qe1+ 37. Kg2 Kh7 38. Be5 Bb5 39. Kg3 Bc6 40. Qf5
Be4 41. Qf4 Qg1+ 42. Kh4 Rxg4+ 43. hxg4 g5+ 44. Kh3 gxf4 0-1

[Event "Championnat de France 2006 - Open A"]
[Site "BESANCON"]
[Date "2006.08.17"]
[Round "3.7"]
[White "Hodot, Yves"]
[Black "Rapinel, Franck"]
[Result "1-0"]
[WhiteElo "2006"]
[BlackElo "2140"]
[PlyCount "107"]
[EventDate "2006.??.??"]

1. e4 e6 2. d4 d5 3. Nc3 Bb4 4. e5 c5 5. a3 Ba5 6. Qg4 Ne7 7. Bd2 cxd4 8. Nb5
Bxd2+ 9. Kxd2 O-O 10. Bd3 f5 11. Qh3 Ng6 12. Nf3 Nf4 13. Qh4 Qxh4 14. Nxh4 Nc6
15. Nf3 Bd7 16. g3 Nxd3 17. cxd3 Nxe5 18. Nxe5 Bxb5 19. f4 Rfc8 20. Rhe1 Rc7
21. Rac1 Rac8 22. Rxc7 Rxc7 23. Nf3 Bd7 24. Nxd4 Kf7 25. b4 a6 26. h4 Kf6 27.
Ra1 e5 28. fxe5+ Kxe5 29. Nf3+ Kf6 30. Ke3 Rc2 31. Kd4 Be6 32. a4 h6 33. b5 a5
34. Ne1 Rc8 35. Ra2 g5 36. Rh2 g4 37. Re2 b6 38. Ng2 Rc5 39. Nf4 Bf7 40. Re1 h5
41. Re5 Rc2 42. Nxd5+ Bxd5 43. Rxd5 Ra2 44. Rd6+ Kf7 45. Ke5 Rxa4 46. Kxf5 Rb4
47. Rxb6 Rd4 48. Rb7+ Ke8 49. b6 Rxd3 50. Ra7 Rb3 51. b7 Kd8 52. Kg6 Rb5 53.
Rxa5 Rxb7 54. Kxh5 1-0

[Event "Championnat de France 2006 - Open A"]
[Site "BESANCON"]
[Date "2006.08.17"]
[Round "3.8"]
[White "Fernandez, Laura"]
[Black "Guignier, Nicolas"]
[Result "0-1"]
[WhiteElo "1956"]
[BlackElo "2134"]
[PlyCount "78"]
[EventDate "2006.??.??"]

1. e4 c5 2. Nf3 d6 3. d4 cxd4 4. Nxd4 Nf6 5. Nc3 a6 6. a4 Nc6 7. Nb3 b6 8. Be2
e6 9. f4 Bb7 10. O-O Be7 11. Be3 O-O 12. Bf3 Qc7 13. Qe2 Rfe8 14. Rad1 Bf8 15.
Qf2 Nd7 16. Rd2 Rab8 17. Qg3 Ba8 18. Rfd1 Na5 19. Nxa5 bxa5 20. Bd4 e5 21. fxe5
dxe5 22. Be3 Rxb2 23. Rxd7 Qxc3 24. Bh5 g6 25. Rf1 Bc5 26. Bxc5 Qxc5+ 27. Kh1
Bxe4 28. Rdxf7 Rxc2 29. Bf3 Qc4 30. Bxe4 Qxf7 31. Qd3 Rf2 32. Rb1 Kg7 33. Kg1
Rf6 34. Qc3 Qa7+ 35. Kh1 Rb8 36. Rd1 Rd8 37. Rb1 Qd4 38. Rb7+ Kh8 39. Qxd4 Rxd4
0-1

[Event "Championnat de France 2006 - Open A"]
[Site "BESANCON"]
[Date "2006.08.17"]
[Round "3.9"]
[White "Logel, Matthieu"]
[Black "Berthier, Hugo"]
[Result "0-1"]
[WhiteElo "2106"]
[BlackElo "2056"]
[PlyCount "156"]
[EventDate "2006.??.??"]

1. e4 e5 2. Nf3 Nf6 3. d4 Nxe4 4. Bd3 Nc6 5. d5 Nc5 6. dxc6 e4 7. cxb7 Bxb7 8.
Be2 exf3 9. Bxf3 Bxf3 10. Qxf3 Bd6 11. O-O O-O 12. Nd2 Re8 13. Rd1 Rb8 14. b3
Be5 15. Rb1 Qf6 16. Qxf6 Bxf6 17. Ba3 Nb7 18. Kf1 d6 19. Nc4 Bg5 20. Rd5 h6 21.
Rbd1 c6 22. R5d3 d5 23. Nd2 Rbd8 24. Nf3 Bf6 25. Nd4 Rc8 26. Nf5 Re5 27. g4 a5
28. Ne3 a4 29. c4 axb3 30. Rxb3 Na5 31. Rb4 Nxc4 32. Nxc4 dxc4 33. Bb2 Rb5 34.
Rxb5 cxb5 35. Bxf6 gxf6 36. Rb1 Rc5 37. Ke2 f5 38. h3 fxg4 39. hxg4 Kf8 40. Ke3
Ke7 41. Ke4 Kd6 42. Rh1 Re5+ 43. Kd4 Re6 44. Rh5 Kc6 45. Rc5+ Kb6 46. Rf5 Rd6+
47. Kc3 Ka5 48. Rxf7 Rd3+ 49. Kc2 Kb4 50. Rf6 Rh3 51. Rf5 Ra3 52. Kb1 Ra6 53.
Rh5 Re6 54. f4 Re1+ 55. Kc2 Re2+ 56. Kb1 Rf2 57. f5 Rf4 58. Rxh6 Rxg4 59. Kc2
Rf4 60. f6 Rf2+ 61. Kb1 c3 62. Rh4+ Ka3 63. Rh5 Ka4 64. Rc5 b4 65. Rc6 Kb5 66.
Re6 Kc5 67. Ra6 Kc4 68. Rc6+ Kd3 69. Rd6+ Ke2 70. Rd4 Rxf6 71. Rxb4 Kd3 72. a4
Rf1+ 73. Ka2 c2 74. Rb3+ Kc4 75. Rb8 c1=Q 76. Rc8+ Kb4 77. Rb8+ Kc5 78. Re8 Kd6
0-1

[Event "Championnat de France 2006 - Open A"]
[Site "BESANCON"]
[Date "2006.08.17"]
[Round "3.10"]
[White "Franck, Boris"]
[Black "Guilleux, Fabien"]
[Result "1/2-1/2"]
[WhiteElo "2105"]
[BlackElo "2055"]
[PlyCount "72"]
[EventDate "2006.??.??"]

1. e4 c5 2. c3 Nf6 3. e5 Nd5 4. d4 cxd4 5. Nf3 Nc6 6. cxd4 d6 7. Bc4 Nb6 8. Bb3
e6 9. O-O Be7 10. Nc3 O-O 11. Qe2 Nb4 12. a3 N4d5 13. Ne4 dxe5 14. dxe5 Bd7 15.
Rd1 Ba4 16. Bxa4 Nxa4 17. Qb5 Nab6 18. Bg5 Rc8 19. Bxe7 Qxe7 20. Rac1 h6 21. g3
Rxc1 22. Rxc1 Rc8 23. Rxc8+ Nxc8 24. Nfd2 Qc7 25. Nc4 a6 26. Qc5 Qd7 27. Ned6
Nxd6 28. exd6 f6 29. b3 Kf7 30. a4 h5 31. a5 Qb5 32. Qc8 Qxb3 33. d7 Qd1+ 34.
Kg2 Nf4+ 35. gxf4 Qg4+ 36. Kf1 Qd1+ 1/2-1/2

[Event "Championnat de France 2006 - Open B"]
[Site "BESANCON"]
[Date "2006.08.17"]
[Round "3.1"]
[White "Pokee, Anne-Josephe"]
[Black "Marceline, Philippe"]
[Result "0-1"]
[WhiteElo "1998"]
[BlackElo "1880"]
[PlyCount "153"]
[EventDate "2006.??.??"]

1. e4 Nf6 2. e5 Nd5 3. d4 d6 4. c4 Nb6 5. exd6 cxd6 6. Nc3 g6 7. Be3 Bg7 8. Qd2
Nc6 9. b3 O-O 10. Nf3 e5 11. d5 Ne7 12. Rc1 Nf5 13. Be2 Nxe3 14. fxe3 f5 15.
O-O g5 16. b4 g4 17. Ne1 Bd7 18. c5 Nc8 19. Nb5 a6 20. Na3 Ne7 21. Nc4 Nc8 22.
Na5 b6 23. Nb7 Qc7 24. c6 Be8 25. e4 Bg6 26. exf5 Bxf5 27. Qg5 Ne7 28. Bxg4
Bxg4 29. Rxf8+ Rxf8 30. Qxg4 Nxd5 31. Qe6+ Qf7 32. Qxf7+ Kxf7 33. c7 Ne7 34.
Nd8+ Kf6 35. Nd3 Nc8 36. Nc6 Bh6 37. Rc2 Ke6 38. g3 Bg7 39. Nb8 a5 40. bxa5
bxa5 41. Nc6 Rf3 42. Nb2 e4 43. Nxa5 Rc3 44. Re2 Bd4+ 45. Kg2 d5 46. Nbc4 Kd7
47. Nb3 Rxc4 48. Rd2 Be5 49. Rxd5+ Ke6 50. Rc5 Rxc5 51. Nxc5+ Kd5 52. Nd7 Bg7
53. a4 Kc6 54. Nb8+ Kxc7 55. Na6+ Kb6 56. Nb4 Ka5 57. Nd5 Kxa4 58. Kf2 Bd4+ 59.
Ke2 Kb3 60. g4 Nd6 61. h4 Kc4 62. Nf4 Be5 63. Ne6 Kd5 64. Ng5 h6 65. Nh3 Bg3
66. g5 h5 67. g6 Nf5 68. Kd2 Ke5 69. Ke2 Bxh4 70. Kd2 Kf6 71. Ng1 Kxg6 72. Ne2
Kg5 73. Nc3 Kf4 74. Nd5+ Kf3 75. Nc3 e3+ 76. Kd3 Bf2 77. Nb1 0-1

[Event "Championnat de France 2006 - Open B"]
[Site "BESANCON"]
[Date "2006.08.17"]
[Round "3.2"]
[White "Lepot, Simon"]
[Black "Gambini, Stephane"]
[Result "1-0"]
[WhiteElo "1880"]
[BlackElo "1996"]
[PlyCount "61"]
[EventDate "2006.??.??"]

1. e4 c5 2. Nf3 d6 3. d4 cxd4 4. Nxd4 Nf6 5. Nc3 a6 6. Bg5 e6 7. f4 Be7 8. Qf3
Qc7 9. O-O-O Nbd7 10. Bd3 b5 11. Rhe1 Bb7 12. Qg3 h6 13. Bh4 b4 14. Nd5 exd5
15. e5 dxe5 16. fxe5 Ne4 17. Bxe4 Bxh4 18. Qxh4 dxe4 19. Nf5 g5 20. Qh3 Nxe5
21. Nd6+ Kf8 22. Rf1 Rd8 23. Qe6 Rxd6 24. Rxd6 Nd3+ 25. Kb1 Nf4 26. Qf6 Ke8 27.
Qxh8+ Ke7 28. Qf6+ Ke8 29. g3 Ne6 30. Rxe6+ fxe6 31. Qf8+ 1-0